Design of concrete structures (Record no. 3628)

000 -LEADER
fixed length control field 00663nam a2200229 a 4500
001 - CONTROL NUMBER
control field 3628
003 - CONTROL NUMBER IDENTIFIER
control field BD-DhUET
008 - FIXED-LENGTH DATA ELEMENTS--GENERAL INFORMATION
fixed length control field 850621s1985 enka b 101 0 eng
020 ## - INTERNATIONAL STANDARD BOOK NUMBER
International Standard Book Number 007Y665486
040 ## - CATALOGING SOURCE
Original cataloging agency DLC
Transcribing agency DLC
Modifying agency BD-DhUET
082 00 - DEWEY DECIMAL CLASSIFICATION NUMBER
Classification number 624.183
Item number NIL/1986
100 ## - MAIN ENTRY--PERSONAL NAME
Personal name Nilson, Arthur H.
245 00 - TITLE STATEMENT
Title Design of concrete structures
Statement of responsibility, etc. by Arthur H. Nilson and George Winter
250 ## - EDITION STATEMENT
Edition statement 10th ed.
260 ## - PUBLICATION, DISTRIBUTION, ETC. (IMPRINT)
Place of publication, distribution, etc. New York:
Name of publisher, distributor, etc. McGraw Hill Book Company,
Date of publication, distribution, etc. 1986.
300 ## - PHYSICAL DESCRIPTION
Extent xi, 380 p. :
Other physical details ill. ;
Dimensions 23 cm.
490 ## - SERIES STATEMENT
Series statement Civil engineering series
504 ## - BIBLIOGRAPHY, ETC. NOTE
Bibliography, etc Includes bibliographies
650 #0 - SUBJECT ADDED ENTRY--TOPICAL TERM
Topical term or geographic name as entry element Reinforced concrete
700 ## - ADDED ENTRY--PERSONAL NAME
Personal name Winter, George
942 ## - ADDED ENTRY ELEMENTS (KOHA)
Koha item type General Book
Holdings
Not for loan Koha renewals Koha out on loan Lost status Koha date last seen Date acquired Koha normalized classification for sorting Koha issues (times borrowed) Price effective from Koha item type Koha date last borrowed Piece designation (barcode) Damaged status Koha full call number Sublocation or collection (holding branch) Source of classification or shelving scheme Shelving location Withdrawn status Copy number Location (home branch)
 12027-02-23 2026-02-232014-11-02624_000000000000000_183NIL198662014-11-02General Book2026-02-2377873 624.183/NIL/1986Central Library, BUET Circulation section 1Central Library, BUET
    2024-12-041990-10-23624_183000000000000_NIL_1986 2024-12-04Rental Item 77816 624.183 NIL/1986Central Library, BUET Rental section ১০/ক-১Central Library, BUET
    2024-12-041990-10-23624_183000000000000_NIL_1986 2024-12-04Rental Item 77817 624.183 NIL/1986Central Library, BUET Rental section ১০/ক-২Central Library, BUET
    2024-12-041990-10-23624_183000000000000_NIL_1986 2024-12-04Rental Item 77818 624.183 NIL/1986Central Library, BUET Rental section ১০/ক-৩Central Library, BUET
    2024-12-041990-10-23624_183000000000000_NIL_1986 2024-12-04Rental Item 77819 624.183 NIL/1986Central Library, BUET Rental section ১০/ক-৪Central Library, BUET
    2024-12-041990-10-23624_183000000000000_NIL_1986 2024-12-04Rental Item 77820 624.183 NIL/1986Central Library, BUET Rental section ১০/ক-৫Central Library, BUET
    2024-12-041990-10-23624_183000000000000_NIL_1986 2024-12-04Rental Item 77821 624.183 NIL/1986Central Library, BUET Rental section ১০/ক-৬Central Library, BUET
    2024-12-041990-10-23624_183000000000000_NIL_1986 2024-12-04Rental Item 77822 624.183 NIL/1986Central Library, BUET Rental section ১০/ক-৭Central Library, BUET
    2024-12-041990-10-23624_183000000000000_NIL_1986 2024-12-04Rental Item 77823 624.183 NIL/1986Central Library, BUET Rental section ১০/ক-৮Central Library, BUET
    2024-12-041990-10-23624_183000000000000_NIL_1986 2024-12-04Rental Item 77824 624.183 NIL/1986Central Library, BUET Rental section ১০/ক-৯Central Library, BUET
    2024-12-041990-10-23624_183000000000000_NIL_1986 2024-12-04Rental Item 77825 624.183 NIL/1986Central Library, BUET Rental section ১০/ক-১০Central Library, BUET
    2024-12-041990-10-23624_183000000000000_NIL_1986 2024-12-04Rental Item 77826 624.183 NIL/1986Central Library, BUET Rental section ১০/ক-১১Central Library, BUET
    2024-12-041990-10-23624_183000000000000_NIL_1986 2024-12-04Rental Item 77827 624.183 NIL/1986Central Library, BUET Rental section ১০/ক-১২Central Library, BUET
    2024-12-041990-10-23624_183000000000000_NIL_1986 2024-12-04Rental Item 77828 624.183 NIL/1986Central Library, BUET Rental section ১০/ক-১৩Central Library, BUET
    2024-12-041990-10-23624_183000000000000_NIL_1986 2024-12-04Rental Item 77829 624.183 NIL/1986Central Library, BUET Rental section ১০/ক-১৪Central Library, BUET
    2024-12-041990-10-23624_183000000000000_NIL_1986 2024-12-04Rental Item 77830 624.183 NIL/1986Central Library, BUET Rental section ১০/ক-১৫Central Library, BUET
    2024-12-041990-10-23624_183000000000000_NIL_1986 2024-12-04Rental Item 77831 624.183 NIL/1986Central Library, BUET Rental section ১০/ক-১৬Central Library, BUET
    2024-12-041990-10-23624_183000000000000_NIL_1986 2024-12-04Rental Item 77832 624.183 NIL/1986Central Library, BUET Rental section ১০/ক-১৭Central Library, BUET
    2024-12-041990-10-23624_183000000000000_NIL_1986 2024-12-04Rental Item 77833 624.183 NIL/1986Central Library, BUET Rental section ১০/ক-১৮Central Library, BUET
    2024-12-041990-10-23624_183000000000000_NIL_1986 2024-12-04Rental Item 77834 624.183 NIL/1986Central Library, BUET Rental section ১০/ক-১৯Central Library, BUET
    2024-12-041990-10-23624_183000000000000_NIL_1986 2024-12-04Rental Item 77835 624.183 NIL/1986Central Library, BUET Rental section ১০/ক-২০Central Library, BUET